Νέες τεχνολογίες στον τουρισμό, e-Tourism : [πτυχιακή εργασία]

Αποθηκεύτηκε σε:
Λεπτομέρειες βιβλιογραφικής εγγραφής
Κύριος συγγραφέας: Πρωτόπαπας, Νικόλαος
Συγγραφή απο Οργανισμό/Αρχή: Πανεπιστήμιο Αιγαίου Σχολή Επιστημών της Διοίκησης Τμήμα Διοίκησης Επιχειρήσεων - Τ.Δ.Ε
Άλλοι συγγραφείς: Λαγός, Δημήτρης Γ. (Εισηγητής διατριβής)
Μορφή: Thesis Βιβλίο
Γλώσσα:Greek
Δημοσίευση: Χίος : Πανεπιστήμιο Αιγαίου. Σχολή Επιστημών της Διοίκησης. Τμήμα Διοίκησης Επιχειρήσεων, 2012
Θέματα:
Διαθέσιμο Online:http://hdl.handle.net/11610/6948
Ετικέτες: Προσθήκη ετικέτας
Δεν υπάρχουν, Καταχωρήστε ετικέτα πρώτοι!

MARC

LEADER 00000cam a2200000 i 4500
001 1/43773
008 140305s2013 gre d
035 |l 10117001 
040 |a GR-MY-UA  |b gre  |e aacr 
041 0 |a gre 
082 0 |a 338.47910285  |2 (22) 
100 1 |a Πρωτόπαπας, Νικόλαος. 
245 1 0 |a Νέες τεχνολογίες στον τουρισμό, e-Tourism :  |b [πτυχιακή εργασία] /  |c εισηγητής: Νικόλαος Πρωτόπαπας ; επιβλέπων καθηγητής: Δημήτριος Λαγός 
260 |a Χίος :   |b Πανεπιστήμιο Αιγαίου. Σχολή Επιστημών της Διοίκησης. Τμήμα Διοίκησης Επιχειρήσεων,   |c 2012 
300 |a 103 σ.;  |b εικ.;  |c 30 εκ. 
502 # # |a Πτυχιακή εργασία – Πανεπιστήμιο Αιγαίου, Χίος, 2012. 
504 |a Βιβλιογραφία: σ. 97-103 
650 0 0 |a Tourism  |x Information technology. 
650 0 0 |a Tourism  |x Management. 
650 0 0 |a Dissertations, Academic  |z Greece. 
700 1 |4 ths  |a Λαγός, Δημήτρης Γ. 
710 1 |a Πανεπιστήμιο Αιγαίου  |b Σχολή Επιστημών της Διοίκησης  |b Τμήμα Διοίκησης Επιχειρήσεων - Τ.Δ.Ε. 
852 |a INST  |b CHIOS  |c DIATR  |e 20140305  |h 338.47910285 ΠΡΩ  |p 005200034949  |q 005200034949  |t DIE  |y 23 
852 |a INST  |b CHIOS  |c DIATR  |e 20140305  |h 338.47910285 ΠΡΩ  |p 005200034950  |q 005200034950  |t DIE  |y 23 
856 |u http://hdl.handle.net/11610/6948 
901 |a BIBL2-2014-1 
909 |a Χ  |b 176016 
909 |a Χ  |b 176017 
924 |a ΠΡΩΤΟΠΑΠΑΣ  |b ΝΙΚΟΛΑΟΣ  |y ΧΙΟΣ  |z 2012-11 
970 |a ΣΑΛΑΜΟΥΡΑ  |b ΜΑΡΙΑ  |z 2014/03/05